[Event "BdF-Diamant 10 email"]
[Site "GER email"]
[Date "2019.06.19"]
[Round "?"]
[White "Byrne, Michael"]
[Black "Azevedo, Jose Manuel P"]
[Result "1/2-1/2"]
[WhiteElo "2333"]
[BlackElo "2311"]
[PlyCount "37"]
[EventDate "2019.??.??"]
[EventType "tourn (corr)"]
[EventRounds "10"]
[EventCountry "GER"]
[SourceTitle "Corr 2020"]
[Source "ChessBase"]
[SourceDate "2019.09.30"]
[SourceVersion "1"]
[SourceVersionDate "2019.09.30"]
[SourceQuality "1"]

1. e4 c5 2. Nf3 e6 3. d4 cxd4 4. Nxd4 a6 5. Bd3 Bc5 6. Nb3 Be7 7. Qg4 g6 8. Nc3 d6 9. Be3 Nf6 10. Qg3 Nc6 11. 0-0 Nh5 12. Qf3 b5 13. Qe2 0-0 14. f4 Nb4 15. Nd4 Bb7 16. f5 e5 17. fxg6 hxg6 18. Nf5 Bg5 19. Nh6+ 1/2-1/2